[Event "Madrid ch - Semifinal A "]
[Site "Madrid ESP"]
[Date "2015.03.18"]
[Round "6.9"]
[White "Fernandez Aransay, Fernando"]
[Black "Blanco Sanchez, Jose Fernando"]
[Result "0-1"]
[WhiteElo "1896"]
[BlackElo "2062"]
[PlyCount "88"]
[EventDate "2015.03.09"]
[EventType "swiss"]
[EventRounds "9"]
[EventCountry "ESP"]
[Source "lmi"]
[SourceDate "2015.03.09"]

1. e4 c6 2. d4 g6 3. Bd3 Bg7 4. c3 d6 5. Nf3 e5 6. O-O Ne7 7. Be3 O-O 8. h3 Nd7
9. dxe5 dxe5 10. Na3 Qc7 11. Qb3 h6 12. Nc4 b5 13. Na3 Nb6 14. Rac1 a5 15. Qd1
g5 16. c4 b4 17. c5 Nd7 18. Nc4 Ng6 19. Nd6 Ba6 20. Bxa6 Rxa6 21. Qd3 Raa8 22.
Rfd1 Rfd8 23. Qc4 Ndf8 24. Rd2 Ne6 25. Rcd1 Kh7 26. g3 Qe7 27. Kg2 Qf6 28. Nf5
Bf8 29. Rd3 Ne7 30. Nd6 Ng6 31. Nh2 h5 32. Qc1 Be7 33. Nf3 Rg8 34. Kh2 Qxf3 35.
Bxg5 Qxf2+ 36. Kh1 Bxg5 37. Rf1 Bxc1 38. Rxf2 Ngf4 39. gxf4 Bxf4 40. Nxf7 Nxc5
41. Rxf4 exf4 42. Rf3 Nxe4 43. Rxf4 Raf8 44. h4 Kg7 0-1

[Event "Madrid ch - Semifinal A "]
[Site "Madrid ESP"]
[Date "2015.03.18"]
[Round "6.10"]
[White "Beyerholm, Arne"]
[Black "Martos De La Vega, Alvar"]
[Result "1/2-1/2"]
[WhiteElo "2058"]
[BlackElo "1984"]
[PlyCount "66"]
[EventDate "2015.03.09"]
[EventType "swiss"]
[EventRounds "9"]
[EventCountry "ESP"]
[Source "lmi"]
[SourceDate "2015.03.09"]

1. d4 Nf6 2. c4 g6 3. Nc3 d5 4. Nf3 Bg7 5. Qb3 dxc4 6. Qxc4 O-O 7. e4 Nc6 8.
Be2 Bg4 9. d5 Na5 10. Qb4 Bxf3 11. Bxf3 c6 12. O-O Qb6 13. Qa4 Nd7 14. Qc2 Nc5
15. dxc6 bxc6 16. Be3 Qb4 17. Rac1 Ne6 18. b3 Nd4 19. Bxd4 Bxd4 20. Ne2 Bb6 21.
Qc3 Qxc3 22. Nxc3 e5 23. Na4 c5 24. Nxc5 Rfd8 25. b4 Nc6 26. Nb7 Rd7 27. Rxc6
Rxb7 28. Rfc1 Bd4 29. Rb1 Rab8 30. Bd1 Rxb4 31. Rxb4 Rxb4 32. Bb3 Rb7 33. Kf1
Kg7 1/2-1/2

[Event "Madrid ch - Semifinal A "]
[Site "Madrid ESP"]
[Date "2015.03.18"]
[Round "6.11"]
[White "Pana, Dorin"]
[Black "Gonzalez Rivera, Eduardo"]
[Result "0-1"]
[WhiteElo "1945"]
[BlackElo "2088"]
[PlyCount "68"]
[EventDate "2015.03.09"]
[EventType "swiss"]
[EventRounds "9"]
[EventCountry "ESP"]
[Source "lmi"]
[SourceDate "2015.03.09"]

1. e4 e5 2. Nf3 Nc6 3. Bc4 Nf6 4. Nc3 Bc5 5. d3 d6 6. h3 Ne7 7. Bg5 c6 8. d4
exd4 9. Nxd4 Ng6 10. O-O h6 11. Be3 Qe7 12. Nf5 Bxf5 13. exf5 d5 14. fxg6 dxc4
15. Re1 O-O 16. Bxh6 Qc7 17. gxf7+ Rxf7 18. Be3 Rd8 19. Qe2 Bxe3 20. Qxe3 b5
21. a3 a5 22. Rad1 Rdf8 23. Qe5 Qb6 24. Qd4 Qc7 25. Re6 b4 26. Ne2 c3 27. axb4
Rd7 28. Rd6 Rxd6 29. Qxd6 Qxd6 30. Rxd6 Ne4 31. Rd1 cxb2 32. bxa5 Rb8 33. Rb1
Nd2 34. Nc3 Nxb1 0-1

[Event "Madrid ch - Semifinal A "]
[Site "Madrid ESP"]
[Date "2015.03.18"]
[Round "6.12"]
[White "Corral Aragon, Juan Maria"]
[Black "Tereso Martin, Antonio"]
[Result "0-1"]
[WhiteElo "1830"]
[BlackElo "2033"]
[PlyCount "84"]
[EventDate "2015.03.09"]
[EventType "swiss"]
[EventRounds "9"]
[EventCountry "ESP"]
[Source "lmi"]
[SourceDate "2015.03.09"]

1. e4 d5 2. exd5 Nf6 3. d4 Nxd5 4. c4 Nf6 5. Nf3 c6 6. Be2 Bf5 7. O-O e6 8. Nc3
Bd6 9. c5 Bc7 10. Bg5 Nbd7 11. b4 h6 12. Bh4 g5 13. Bg3 Bxg3 14. fxg3 Qc7 15.
d5 Nxd5 16. Nxd5 cxd5 17. Nd4 Bg6 18. Nb5 Qb8 19. Nd6+ Ke7 20. Bh5 Rh7 21. Bxg6
fxg6 22. Qd3 Ne5 23. Qd4 Qh8 24. Kh1 Nc6 25. Qg4 Qd4 26. Qxd4 Nxd4 27. Nxb7 Rb8
28. Na5 Rxb4 29. a4 e5 30. Rfb1 Rxb1+ 31. Rxb1 Ke6 32. c6 Rc7 33. Rc1 g4 34.
Rc5 e4 35. h4 h5 36. Kg1 Ke5 37. Kf2 a6 38. Nc4+ Ke6 39. Na5 Kd6 40. Nb7+ Ke5
41. Na5 Ne6 42. Nc4+ Kd4 0-1

[Event "Madrid ch - Semifinal A "]
[Site "Madrid ESP"]
[Date "2015.03.18"]
[Round "6.14"]
[White "Perez Cameselle, Francisco"]
[Black "Andalon Gomez, Carlos J"]
[Result "0-1"]
[WhiteElo "1862"]
[BlackElo "2022"]
[PlyCount "78"]
[EventDate "2015.03.09"]
[EventType "swiss"]
[EventRounds "9"]
[EventCountry "ESP"]
[Source "lmi"]
[SourceDate "2015.03.09"]

1. d4 d5 2. c4 e6 3. Nf3 Nf6 4. g3 Be7 5. Bg2 dxc4 6. Qa4+ Nbd7 7. O-O a6 8.
Qxc4 O-O 9. Nc3 b5 10. Qd3 Bb7 11. Nh4 Bxg2 12. Nxg2 c5 13. dxc5 Nxc5 14. Qf3
b4 15. Nb1 e5 16. Nd2 e4 17. Qf5 g6 18. Qh3 Qb6 19. Nc4 Qb5 20. b3 Nd5 21. Bb2
Nc3 22. Bxc3 bxc3 23. Rac1 Bf6 24. Nge3 Rfd8 25. Rfd1 Ne6 26. Ng4 Bg7 27. Nh6+
Kf8 28. Nxf7 Kxf7 29. Nd6+ Rxd6 30. Rxd6 Qf5 31. Rd7+ Kg8 32. Qxf5 gxf5 33. Kf1
Rc8 34. Rd6 Nd8 35. Rc2 Nc6 36. a3 Nd4 37. Rc1 Nxb3 38. Rc2 Na1 39. Rc1 c2 0-1

[Event "Madrid ch - Semifinal A "]
[Site "Madrid ESP"]
[Date "2015.03.18"]
[Round "6.15"]
[White "Pinel Mirasierra, Jose Pablo"]
[Black "Santamaria Baeza, Adolfo"]
[Result "0-1"]
[WhiteElo "2021"]
[BlackElo "1905"]
[PlyCount "82"]
[EventDate "2015.03.09"]
[EventType "swiss"]
[EventRounds "9"]
[EventCountry "ESP"]
[Source "lmi"]
[SourceDate "2015.03.09"]

1. d4 Nf6 2. Nf3 e6 3. e3 b6 4. Bd3 Bb7 5. O-O c5 6. Nbd2 cxd4 7. exd4 g6 8.
Re1 Bg7 9. c3 O-O 10. Nc4 d6 11. Bf4 Ne8 12. Qe2 b5 13. Ncd2 a6 14. Ne4 f6 15.
a4 e5 16. dxe5 dxe5 17. Nc5 Bd5 18. Bg3 Nd7 19. Nxd7 Qxd7 20. axb5 axb5 21.
Rxa8 Bxa8 22. Bxb5 Qf5 23. Rd1 Nc7 24. Qc4+ Rf7 25. Rd8+ Bf8 26. Nd2 Nxb5 27.
Qxb5 Bb7 28. f3 Qc2 29. Bf2 Qd1+ 30. Qf1 Qc2 31. Bc5 Qxb2 32. Bxf8 Qb6+ 33. Qf2
Qxd8 34. Bb4 Rd7 35. c4 Qa8 36. h3 Qa4 37. Qc5 Rf7 38. Qb6 Qd7 39. Nb3 Qd1+ 40.
Kh2 Qxb3 41. c5 Qd5 0-1

[Event "Madrid ch - Semifinal A "]
[Site "Madrid ESP"]
[Date "2015.03.18"]
[Round "6.16"]
[White "Garcia Gutierrez, Jose"]
[Black "Morera Rodriguez, Ignacio"]
[Result "1-0"]
[WhiteElo "1947"]
[BlackElo "1887"]
[PlyCount "89"]
[EventDate "2015.03.09"]
[EventType "swiss"]
[EventRounds "9"]
[EventCountry "ESP"]
[Source "lmi"]
[SourceDate "2015.03.09"]

1. Nf3 Nf6 2. b3 g6 3. Bb2 Bg7 4. d3 O-O 5. e4 d6 6. Be2 c5 7. O-O Nc6 8. Nbd2
b5 9. a4 b4 10. Rb1 Bg4 11. h3 Bxf3 12. Nxf3 e5 13. Qd2 Nd4 14. Nxd4 exd4 15.
Rbe1 Nd7 16. Bc1 d5 17. f4 dxe4 18. dxe4 Qb6 19. Bc4 Rad8 20. Qd3 Qc7 21. e5
Nb6 22. e6 Nxc4 23. e7 Ne3 24. exf8=Q+ Rxf8 25. Rf2 Bf6 26. Ree2 Rd8 27. Rf3
Qc6 28. Kh1 c4 29. bxc4 Qxa4 30. Bxe3 dxe3 31. Qxe3 Rd1+ 32. Kh2 Qa1 33. Kg3
Bc3 34. f5 Be1+ 35. Kh2 Bh4 36. g3 Rh1+ 37. Kg2 Bf6 38. fxg6 hxg6 39. c5 Bd4
40. Qe8+ Kh7 41. Qxf7+ Kh6 42. Qf8+ Bg7 43. Qf4+ g5 44. Re6+ Kh7 45. Qf5+ 1-0

[Event "Madrid ch - Semifinal A "]
[Site "Madrid ESP"]
[Date "2015.03.18"]
[Round "6.17"]
[White "Roldan Garcia, Angel"]
[Black "Camacho Casado, Demetrio"]
[Result "0-1"]
[WhiteElo "1826"]
[BlackElo "1916"]
[PlyCount "108"]
[EventDate "2015.03.09"]
[EventType "swiss"]
[EventRounds "9"]
[EventCountry "ESP"]
[Source "lmi"]
[SourceDate "2015.03.09"]

1. e4 e5 2. Nf3 Nc6 3. Bb5 a6 4. Ba4 d6 5. d3 Bd7 6. c3 Nf6 7. O-O Be7 8. Re1
O-O 9. h3 b5 10. Bb3 Na5 11. Bc2 c5 12. d4 Qc7 13. d5 Nb7 14. Nbd2 a5 15. Nf1
a4 16. a3 c4 17. Be3 Nc5 18. Ng3 g6 19. Bg5 Ra6 20. Nh2 Re8 21. h4 Kg7 22. Qf3
h6 23. Bd2 Qc8 24. Qe3 Rh8 25. f4 Bd8 26. fxe5 dxe5 27. Qe2 Ng4 28. Bd1 Nxh2
29. Kxh2 Bxh4 30. Rf1 Nd3 31. Be3 h5 32. Qd2 Qd8 33. Be2 Bg4 34. Bxd3 cxd3 35.
Qxd3 Bg5 36. Qd2 Be7 37. Rf2 Bd7 38. Raf1 Be8 39. Rf3 Bd6 40. Bg5 Be7 41. Bxe7
Qxe7 42. Qf2 h4 43. Ne2 g5 44. Rf5 g4 45. Qe3 Rg6 46. Rh1 Bd7 47. Rff1 g3+ 48.
Kg1 Rg4 49. Rh3 Rh6 50. Rh1 Rg5 51. Rf3 Bg4 52. d6 Rxd6 53. Rf1 Bxe2 54. Qxe2
Qa7+ 0-1

[Event "Madrid ch - Semifinal A "]
[Site "Madrid ESP"]
[Date "2015.03.18"]
[Round "6.18"]
[White "Gil Sierra, Jacinto"]
[Black "Sanchez Hernandez, Guillermo"]
[Result "1-0"]
[WhiteElo "1972"]
[BlackElo "2100"]
[PlyCount "64"]
[EventDate "2015.03.09"]
[EventType "swiss"]
[EventRounds "9"]
[EventCountry "ESP"]
[Source "lmi"]
[SourceDate "2015.03.09"]

1. e4 c5 2. Nf3 e6 3. d4 cxd4 4. Nxd4 a6 5. g3 Qc7 6. Bg2 Nc6 7. O-O Nf6 8. Nc3
Nxd4 9. Qxd4 Bc5 10. Qd3 Ng4 11. Bf4 Ne5 12. Na4 Be7 13. Qc3 Qxc3 14. Nxc3 d6
15. a4 Bd7 16. Rfd1 Rc8 17. Bf1 g5 18. Be3 O-O 19. f4 gxf4 20. gxf4 Nc4 21.
Bxc4 Rxc4 22. Kf2 f6 23. Rg1+ Kf7 24. f5 Rg8 25. Rxg8 Kxg8 26. fxe6 Bxe6 27.
Ke2 Kf7 28. Kd3 Rc8 29. Rg1 Rg8 30. Rxg8 Kxg8 31. Kd4 f5 32. exf5 Bxf5 1-0

[Event "Madrid ch - Semifinal A "]
[Site "Madrid ESP"]
[Date "2015.03.18"]
[Round "6.19"]
[White "Camarero Izquierdo, Juan Carlos"]
[Black "Ronco Garcia, Jose Luis"]
[Result "1-0"]
[WhiteElo "1888"]
[BlackElo "1962"]
[PlyCount "55"]
[EventDate "2015.03.09"]
[EventType "swiss"]
[EventRounds "9"]
[EventCountry "ESP"]
[Source "lmi"]
[SourceDate "2015.03.09"]

1. d4 g6 2. e4 Bg7 3. Nc3 d6 4. Be3 Nf6 5. Qd2 Ng4 6. O-O-O Nxe3 7. Qxe3 c6 8.
f4 b5 9. e5 O-O 10. h4 dxe5 11. dxe5 Qb6 12. Qd2 h5 13. Be2 a5 14. g4 Bxg4 15.
Bxg4 hxg4 16. h5 Na6 17. h6 Rfd8 18. Qe2 Rxd1+ 19. Nxd1 Bh8 20. Qxg4 Nb4 21.
Nf3 Qc5 22. Nc3 Qe3+ 23. Kb1 Qf2 24. Rc1 Rd8 25. f5 Kf8 26. fxg6 fxg6 27. h7
Bg7 28. Qe6 1-0

[Event "Madrid ch - Semifinal A "]
[Site "Madrid ESP"]
[Date "2015.03.23"]
[Round "7.1"]
[White "Ortega Ruiz, Jose Miguel"]
[Black "Pastor Alonso De Prado, Alberto"]
[Result "1/2-1/2"]
[WhiteElo "2267"]
[BlackElo "2131"]
[PlyCount "83"]
[EventDate "2015.03.09"]
[EventType "swiss"]
[EventRounds "9"]
[EventCountry "ESP"]
[Source "lmi"]
[SourceDate "2015.03.09"]

1. d4 d5 2. c4 e6 3. Nc3 Be7 4. Nf3 Nf6 5. e3 O-O 6. Bd3 dxc4 7. Bxc4 a6 8. O-O
b5 9. Bd3 Bb7 10. e4 b4 11. e5 bxc3 12. exf6 Bxf6 13. bxc3 Nd7 14. Rb1 Qc8 15.
Ng5 h6 16. Nh7 Rd8 17. Qg4 Kh8 18. Qh5 e5 19. Qxf7 e4 20. Nxf6 Nxf6 21. Bxh6
Rg8 22. Bc4 Qf5 23. Be6 Bd5 24. Bxd5 Qxd5 25. Qxd5 Nxd5 26. Bd2 Rge8 27. c4 e3
28. fxe3 Nxe3 29. Bxe3 Rxe3 30. Rb7 Rd8 31. d5 Rd7 32. h3 Re4 33. Rc1 Re2 34.
Rd1 Rxa2 35. c5 Rc2 36. c6 Rxc6 37. dxc6 Rxd1+ 38. Kf2 Rc1 39. Rxc7 a5 40. Ke3
a4 41. Kd2 Rc5 42. Ra7 1/2-1/2

[Event "Madrid ch - Semifinal A "]
[Site "Madrid ESP"]
[Date "2015.03.23"]
[Round "7.2"]
[White "Rodriguez De Castro, Ayar"]
[Black "Plazuelo Pascual, Juan"]
[Result "0-1"]
[WhiteElo "2090"]
[BlackElo "2162"]
[PlyCount "108"]
[EventDate "2015.03.09"]
[EventType "swiss"]
[EventRounds "9"]
[EventCountry "ESP"]
[Source "lmi"]
[SourceDate "2015.03.09"]

1. d4 Nf6 2. c4 e6 3. g3 c5 4. d5 exd5 5. cxd5 d6 6. Nc3 g6 7. Bg2 Bg7 8. Nf3
O-O 9. Nd2 b6 10. O-O Re8 11. Nc4 Ba6 12. Qb3 Bxc4 13. Qxc4 a6 14. a4 b5 15.
Qd3 b4 16. Nd1 a5 17. b3 Nbd7 18. Bb2 Nb6 19. e4 Ra7 20. f3 h5 21. h4 Rc7 22.
Qa6 Nfd7 23. Qxa5 Bxb2 24. Nxb2 Qf6 25. Rab1 g5 26. hxg5 Qxg5 27. Nc4 Ra8 28.
Qb5 Nxc4 29. Qxc4 Qxg3 30. f4 Nf6 31. Rf3 Qg6 32. Re1 Re7 33. e5 Ng4 34. Rg3
Kh8 35. Rf1 Rg8 36. f5 Qg5 37. e6 f6 38. Qf4 Reg7 39. Rff3 c4 40. Qxc4 h4 41.
Rh3 Qd2 42. Qf1 Qh6 43. Qe1 Ne5 44. Rf2 Rg3 45. Kh1 Nd3 46. Qd2 Nxf2+ 47. Qxf2
Qc1+ 48. Kh2 Rxg2+ 49. Qxg2 Rxg2+ 50. Kxg2 Qc2+ 51. Kg1 Qc1+ 52. Kf2 Qc2+ 53.
Kg1 Qxf5 54. e7 Qe5 0-1

[Event "Madrid ch - Semifinal A "]
[Site "Madrid ESP"]
[Date "2015.03.23"]
[Round "7.3"]
[White "Lopez De Turiso, Jose Angel"]
[Black "Cervino Rossel, Cristobal"]
[Result "1-0"]
[WhiteElo "2046"]
[BlackElo "2102"]
[PlyCount "145"]
[EventDate "2015.03.09"]
[EventType "swiss"]
[EventRounds "9"]
[EventCountry "ESP"]
[Source "lmi"]
[SourceDate "2015.03.09"]

1. d4 c5 2. c3 cxd4 3. cxd4 d5 4. Nc3 Nf6 5. Bf4 Nc6 6. e3 a6 7. Bd3 e6 8. Rc1
Bd7 9. h3 Rc8 10. Nf3 Na5 11. O-O Nc4 12. Qe2 Nd6 13. Ne5 Be7 14. f3 O-O 15. g4
Be8 16. Bb1 Kh8 17. Qd3 g6 18. Bh6 Rg8 19. b3 Nd7 20. Bf4 Nxe5 21. Bxe5+ Bf6
22. Bxf6+ Qxf6 23. Kg2 Bc6 24. e4 Nb5 25. e5 Qg7 26. Qe3 f6 27. f4 Rcf8 28. Bd3
Nc7 29. b4 g5 30. exf6 Rxf6 31. fxg5 Rxf1 32. Rxf1 e5 33. Qxe5 Qxe5 34. dxe5
d4+ 35. Ne4 Nd5 36. Kg3 Nxb4 37. Rf7 Be8 38. Rf3 Bg6 39. Nf2 Nxa2 40. Bc4 Nc3
41. Bxg8 Kxg8 42. e6 Nd5 43. h4 a5 44. h5 Bc2 45. Nd3 a4 46. Rf5 Ne7 47. Rf7
Bxd3 48. Rxe7 Bb5 49. Rxb7 Be8 50. Rd7 Kf8 51. Rxd4 Ke7 52. Re4 Bc6 53. Re3 Bd5
54. Kf4 Bxe6 55. Ra3 Bb3 56. Ke5 Kf7 57. Ra1 Kg7 58. Kd4 h6 59. g6 Kf6 60. Rf1+
Kg5 61. g7 a3 62. Kc3 Be6 63. Rf8 Kxg4 64. g8=Q+ Bxg8 65. Rxg8+ Kxh5 66. Kb3
Kh4 67. Kxa3 h5 68. Kb3 Kh3 69. Kc3 h4 70. Kd3 Kh2 71. Ke3 h3 72. Kf3 Kh1 73.
Kg3 1-0

[Event "Madrid ch - Semifinal A "]
[Site "Madrid ESP"]
[Date "2015.03.23"]
[Round "7.4"]
[White "Blanco Sanchez, Jose Fernando"]
[Black "Garcia-Ruiz Fuentes, Aitor"]
[Result "0-1"]
[WhiteElo "2062"]
[BlackElo "2007"]
[PlyCount "68"]
[EventDate "2015.03.09"]
[EventType "swiss"]
[EventRounds "9"]
[EventCountry "ESP"]
[Source "lmi"]
[SourceDate "2015.03.09"]

1. e4 c5 2. Nf3 d6 3. Bb5+ Nc6 4. O-O Bd7 5. Re1 Nf6 6. c3 a6 7. Bf1 Bg4 8. d3
e5 9. Na3 Be7 10. Nc4 O-O 11. Ne3 Be6 12. d4 exd4 13. cxd4 cxd4 14. Nf5 Bxf5
15. exf5 Qb6 16. Bg5 d5 17. Bd3 Rfe8 18. Qd2 Ne4 19. Bxe4 Bb4 20. Qf4 Bxe1 21.
Bxd5 Bxf2+ 22. Kxf2 Qxb2+ 23. Kg3 Qxa1 24. f6 d3 25. Qc7 Nd8 26. Qc4 Ne6 27.
Bh4 gxf6 28. Qxd3 Ng5 29. Bxg5 fxg5 30. Bxf7+ Kxf7 31. Nxg5+ Kf6 32. Nxh7+ Ke5
33. Ng5 Qe1+ 34. Kg4 Qb4+ 0-1

[Event "Madrid ch - Semifinal A "]
[Site "Madrid ESP"]
[Date "2015.03.23"]
[Round "7.5"]
[White "Bajo Vicente, Alberto"]
[Black "Tejedor Ariza, Francisco"]
[Result "0-1"]
[WhiteElo "2046"]
[BlackElo "2032"]
[PlyCount "91"]
[EventDate "2015.03.09"]
[EventType "swiss"]
[EventRounds "9"]
[EventCountry "ESP"]
[Source "lmi"]
[SourceDate "2015.03.09"]

1. d4 Nf6 2. Nf3 d5 3. c4 e6 4. Nc3 c6 5. e3 Nbd7 6. Bd3 dxc4 7. Bxc4 Bd6 8. e4
e5 9. dxe5 Nxe5 10. Nxe5 Bxe5 11. Qxd8+ Kxd8 12. Bxf7 Bxc3+ 13. bxc3 Nxe4 14.
O-O Nxc3 15. Re1 Nd5 16. Bg5+ Kc7 17. Bxd5 cxd5 18. Rac1+ Kb6 19. Be3+ Ka6 20.
Bd4 Bf5 21. Bxg7 Rhe8 22. f3 Bd3 23. Kf2 Bc4 24. Rxe8 Rxe8 25. Rc2 b5 26. Bd4
b4 27. Rb2 Kb5 28. Bxa7 Ra8 29. Bd4 Bxa2 30. Bc3 b3 31. f4 Kc4 32. Bd2 d4 33.
f5 Kd3 34. Kf3 Rc8 35. g4 Rc2 36. f6 Rxb2 37. f7 Rb1 38. Bf4 Rf1+ 39. Kg3 b2
40. f8=Q b1=Q 41. Qf5+ Kc3 42. Qa5+ Kb2 43. Qb4+ Ka1 44. Qxd4+ Qb2 45. Qc5 Re1
46. Bd2 0-1

[Event "Madrid ch - Semifinal A "]
[Site "Madrid ESP"]
[Date "2015.03.23"]
[Round "7.6"]
[White "Suarez Uriel, Adrian"]
[Black "Correas Gonzalez, Jose Ramon"]
[Result "1/2-1/2"]
[WhiteElo "2243"]
[BlackElo "2091"]
[PlyCount "159"]
[EventDate "2015.03.09"]
[EventType "swiss"]
[EventRounds "9"]
[EventCountry "ESP"]
[Source "lmi"]
[SourceDate "2015.03.09"]

1. e4 c5 2. Ne2 Nc6 3. d4 cxd4 4. Nxd4 Nf6 5. Nc3 e6 6. a3 Be7 7. f4 d5 8. e5
Nxd4 9. Qxd4 Nd7 10. Qd1 O-O 11. Bd3 Nc5 12. O-O Nxd3 13. Qxd3 f5 14. Be3 Bd7
15. Rfd1 Bc6 16. b4 a6 17. Rab1 Qe8 18. Qd4 Rc8 19. Qb6 Bd8 20. Qa7 Rf7 21. Qd4
Rfc7 22. Qd2 Bb5 23. Bc5 b6 24. Bd4 Rc4 25. Nxb5 Qxb5 26. c3 Qc6 27. Qe2 b5 28.
Qf2 Rb8 29. g4 fxg4 30. f5 Bb6 31. Bxb6 Qxb6 32. Qxb6 Rxb6 33. fxe6 Rxe6 34.
Rxd5 Rxc3 35. Rd8+ Kf7 36. Rf1+ Rf3 37. Rxf3+ gxf3 38. Kf2 Rxe5 39. Kxf3 Re6
40. Rd7+ Kf6 41. h4 Rc6 42. Rd3 h5 43. Kg3 g6 44. Kf3 Ke5 45. Rb3 Rc4 46. Re3+
Kf5 47. Kg3 Rg4+ 48. Kh3 Re4 49. Rf3+ Ke5 50. Rg3 Kf5 51. Rf3+ Rf4 52. Re3 g5
53. hxg5 Kxg5 54. Kg2 Kf5 55. Rd3 Ke5 56. Rc3 Rg4+ 57. Kf2 Rc4 58. Rg3 Rc2+ 59.
Kg1 Ra2 60. Rh3 Kf4 61. Kf1 Kg4 62. Rd3 h4 63. Rd4+ Kf3 64. Rd3+ Ke4 65. Rh3
Kd5 66. Ke1 Ke5 67. Rxh4 Rxa3 68. Kd2 Kd5 69. Kc2 Re3 70. Rh5+ Re5 71. Rh6 Kc4
72. Rxa6 Kxb4 73. Rg6 Re2+ 74. Kb1 Ka4 75. Rg1 b4 76. Rh1 Ka3 77. Rg1 Rb2+ 78.
Ka1 Rf2 79. Rh1 b3 80. Rg1 1/2-1/2

[Event "Madrid ch - Semifinal A "]
[Site "Madrid ESP"]
[Date "2015.03.23"]
[Round "7.8"]
[White "Tereso Martin, Antonio"]
[Black "Alvarez Abejon, Amilcar"]
[Result "0-1"]
[WhiteElo "2033"]
[BlackElo "2106"]
[PlyCount "40"]
[EventDate "2015.03.09"]
[EventType "swiss"]
[EventRounds "9"]
[EventCountry "ESP"]
[Source "lmi"]
[SourceDate "2015.03.09"]

1. e4 c6 2. d4 d5 3. exd5 cxd5 4. c4 Nf6 5. Nc3 Nc6 6. Bg5 Be6 7. Bxf6 gxf6 8.
Nf3 Bg7 9. Qb3 Na5 10. Qb5+ Kf8 11. cxd5 a6 12. Qd3 Bxd5 13. Nxd5 Qxd5 14. Be2
Nc6 15. O-O f5 16. Rfd1 Rd8 17. a3 Bxd4 18. Rac1 Rg8 19. Bf1 Rg4 20. Nxd4 Rxd4
0-1

[Event "Madrid ch - Semifinal A "]
[Site "Madrid ESP"]
[Date "2015.03.23"]
[Round "7.9"]
[White "Gonzalez Rivera, Eduardo"]
[Black "Beyerholm, Arne"]
[Result "1-0"]
[WhiteElo "2088"]
[BlackElo "2058"]
[PlyCount "67"]
[EventDate "2015.03.09"]
[EventType "swiss"]
[EventRounds "9"]
[EventCountry "ESP"]
[Source "lmi"]
[SourceDate "2015.03.09"]

1. e4 e5 2. Nf3 Nf6 3. Nc3 Nc6 4. g3 d5 5. exd5 Nxd5 6. Bg2 Nxc3 7. bxc3 Bd6 8.
h3 O-O 9. O-O e4 10. Nh2 f5 11. d3 Qf6 12. dxe4 Qxc3 13. Rb1 Rb8 14. Bb2 Qc5
15. Qd5+ Qxd5 16. exd5 Ne5 17. Bxe5 Bxe5 18. Nf3 Bf6 19. Rfe1 Bd7 20. Ne5 Bxe5
21. Rxe5 Rfe8 22. f4 Kf7 23. c4 b6 24. Rbe1 g6 25. Kf2 Kf6 26. R1e3 h6 27. Ke2
Rbd8 28. Ra3 Rxe5+ 29. fxe5+ Kxe5 30. Rxa7 Kd6 31. a4 Re8+ 32. Kd2 g5 33. a5
Re5 34. c5+ 1-0

[Event "Madrid ch - Semifinal A "]
[Site "Madrid ESP"]
[Date "2015.03.23"]
[Round "7.10"]
[White "Andalon Gomez, Carlos J"]
[Black "Spitzer Isbert, Ramon"]
[Result "1-0"]
[WhiteElo "2022"]
[BlackElo "2011"]
[PlyCount "29"]
[EventDate "2015.03.09"]
[EventType "swiss"]
[EventRounds "9"]
[EventCountry "ESP"]
[Source "lmi"]
[SourceDate "2015.03.09"]

1. d4 Nf6 2. c4 e5 3. dxe5 Ng4 4. Bf4 Nc6 5. Nf3 Bc5 6. e3 f6 7. exf6 Qxf6 8.
Qd2 d6 9. Nc3 Be6 10. a3 O-O 11. Bd3 Rae8 12. O-O Nge5 13. Nxe5 Nxe5 14. Ne4
Qg6 15. Bxe5 1-0

[Event "Madrid ch - Semifinal A "]
[Site "Madrid ESP"]
[Date "2015.03.23"]
[Round "7.11"]
[White "De La Puerta Cresis, Javier"]
[Black "Fernandez Aransay, Fernando"]
[Result "1-0"]
[WhiteElo "2097"]
[BlackElo "1896"]
[PlyCount "67"]
[EventDate "2015.03.09"]
[EventType "swiss"]
[EventRounds "9"]
[EventCountry "ESP"]
[Source "lmi"]
[SourceDate "2015.03.09"]

1. e4 c5 2. Nf3 d6 3. d4 cxd4 4. Nxd4 Nf6 5. Nc3 g6 6. Be3 Bg7 7. Bc4 O-O 8. f3
Nc6 9. Bb3 Bd7 10. Qd2 Rc8 11. O-O-O Ne5 12. h4 h5 13. Kb1 Nc4 14. Bxc4 Rxc4
15. g4 Qa5 16. Nb3 Qc7 17. gxh5 Nxh5 18. Nd5 Qd8 19. Bxa7 Be6 20. Bb6 Qd7 21.
Bd4 Bxd5 22. exd5 Rfc8 23. Bxg7 Kxg7 24. Nd4 R4c5 25. Qg5 Kh7 26. Rde1 f6 27.
Qg4 Qxg4 28. fxg4 Ng3 29. Rxe7+ Kh8 30. Rg1 Rxd5 31. Nb3 Rc4 32. Rxg3 Rd1+ 33.
Nc1 Rd2 34. Rc3 1-0

[Event "Madrid ch - Semifinal A "]
[Site "Madrid ESP"]
[Date "2015.03.23"]
[Round "7.12"]
[White "Camacho Casado, Demetrio"]
[Black "Lorenzo Bailador, Alfredo"]
[Result "1-0"]
[WhiteElo "1916"]
[BlackElo "1998"]
[PlyCount "63"]
[EventDate "2015.03.09"]
[EventType "swiss"]
[EventRounds "9"]
[EventCountry "ESP"]
[Source "lmi"]
[SourceDate "2015.03.09"]

1. d4 d5 2. Nf3 Nf6 3. Bf4 Bf5 4. e3 e6 5. Be2 Bd6 6. Bg3 Ne4 7. Nbd2 h6 8.
Nxe4 Bxe4 9. O-O Bxg3 10. hxg3 Nd7 11. c4 c6 12. c5 O-O 13. b4 Qc7 14. a4 b6
15. Bd3 bxc5 16. bxc5 Bxd3 17. Qxd3 Rfb8 18. Rfb1 Qa5 19. g4 f6 20. g3 Rxb1+
21. Qxb1 Rb8 22. Qc2 Rb7 23. Kg2 Nf8 24. e4 Qb4 25. exd5 exd5 26. Re1 Qb3 27.
Qf5 Qxa4 28. Re8 Rf7 29. Nh4 Qa6 30. Ng6 Qb7 31. Qe6 Qd7 32. Rxf8+ 1-0

[Event "Madrid ch - Semifinal A "]
[Site "Madrid ESP"]
[Date "2015.03.23"]
[Round "7.13"]
[White "Santamaria Baeza, Adolfo"]
[Black "Garcia Gutierrez, Jose"]
[Result "0-1"]
[WhiteElo "1905"]
[BlackElo "1947"]
[PlyCount "164"]
[EventDate "2015.03.09"]
[EventType "swiss"]
[EventRounds "9"]
[EventCountry "ESP"]
[Source "lmi"]
[SourceDate "2015.03.09"]

1. e4 g6 2. Nf3 Bg7 3. d4 d6 4. Bc4 Nf6 5. Nc3 O-O 6. O-O a6 7. Bb3 b5 8. Re1
Bb7 9. e5 dxe5 10. dxe5 Qxd1 11. Rxd1 Ne4 12. Nd5 Nc6 13. Bf4 e6 14. Nxc7 Rad8
15. a4 b4 16. Re1 Na5 17. Nxa6 Nxf2 18. Nxb4 Nxb3 19. cxb3 Nh3+ 20. gxh3 Bxf3
21. Re3 Ba8 22. Rd3 Rb8 23. Na6 Rbc8 24. Rc3 Rcd8 25. b4 Rd4 26. Bg3 Rd2 27.
Rac1 Bh6 28. R1c2 Rd1+ 29. Kf2 Be4 30. b5 Rfd8 31. Bh4 g5 32. Bg3 Bxc2 33. Rxc2
R1d2+ 34. Rxd2 Rxd2+ 35. Kf3 Rxb2 36. Bf2 Kf8 37. b6 Ke8 38. a5 g4+ 39. hxg4
Bd2 40. Bd4 Rb3+ 41. Ke2 Bxa5 42. Nc7+ Kd7 43. Na8 Kc6 44. h4 Kd5 45. Bg1 Kxe5
46. Kd1 Kd6 47. Kc2 Rb4 48. Be3 Kc6 49. Bd2 Rb5 50. Be3 Re5 51. Kd3 Rd5+ 52.
Kc4 Rd8 53. Nc7 Bxb6 54. Bxb6 Kxb6 55. Nb5 Rc8+ 56. Kb4 Rc1 57. Nd6 Rf1 58. g5
Kc6 59. Ne8 Rf4+ 60. Kc3 Rxh4 61. Nf6 Kd6 62. Kd3 Ke5 63. Ke3 Kf5 64. Kf3 Kxg5
65. Ne8 f5 66. Nc7 e5 67. Ne6+ Kf6 68. Nc5 Rh3+ 69. Ke2 f4 70. Ne4+ Kf5 71.
Nd6+ Kg4 72. Kf2 Rh2+ 73. Kg1 Ra2 74. Ne4 h5 75. Nf6+ Kh4 76. Kf1 f3 77. Kg1
Re2 78. Kf1 e4 79. Nd5 Kg3 80. Nc3 Rf2+ 81. Kg1 Rg2+ 82. Kh1 Re2 0-1